Các phương pháp thiết kế mặt đường của các nước phương tây /
Các vấn đề chung; Các phương pháp thiết kế mặt đường mềm; Các phương pháp thiết kế mặt đường của Pháp; Mặt đường bê tông xi măng cho các nước nhiệt đới.
Sparad:
| Huvudupphovsman: | |
|---|---|
| Materialtyp: | Bok |
| Språk: | Vietnamese |
| Publicerad: |
Hà Nội :
Giao thông vận tải,
2001.
|
| Ämnen: | |
| Taggar: |
Lägg till en tagg
Inga taggar, Lägg till första taggen!
|
| Thư viện lưu trữ: | Mạng thư viện Đại học Đà Nẵng |
|---|
| LEADER | 01415cam a2200373 a 4500 | ||
|---|---|---|---|
| 001 | 000044164 | ||
| 003 | 2420 | ||
| 005 | 20060324152105.0 | ||
| 008 | 010217b2001 vm 000 vie | ||
| 020 | |c 10000 | ||
| 040 | |a LRC |c LRC |d LRC | ||
| 041 | 0 | |a vie | |
| 082 | 1 | 4 | |a 625.75 |b NG-C |
| 100 | 1 | |a Nguyễn Quang Chiêu. | |
| 245 | 1 | 4 | |a Các phương pháp thiết kế mặt đường của các nước phương tây / |c Nguyễn Quang Chiêu. |
| 260 | |a Hà Nội : |b Giao thông vận tải, |c 2001. | ||
| 300 | |a 143 tr. : |b mh. ; |c 19 cm. | ||
| 520 | 3 | |a Các vấn đề chung; Các phương pháp thiết kế mặt đường mềm; Các phương pháp thiết kế mặt đường của Pháp; Mặt đường bê tông xi măng cho các nước nhiệt đới. | |
| 630 | 0 | 4 | |a Đường bộ. |
| 630 | 0 | 4 | |a Đường ô tô. |
| 630 | 0 | 4 | |a Mặt đường. |
| 650 | 0 | 4 | |a Đường bộ |x Thiết kế. |
| OWN | |a DUT | ||
| AVA | |a UDN50 |b DUT |c Book |d 625.75 NG-C |e available |t Error 5001 Not defined in file expand_doc_bib_avail. |f 10 |g 0 |h N |i 0 |j SH |k 1 | ||
| 999 | |a From the UDN01 | ||
| AVA | |a UDN50 |b DUT |c Book |d 625.75 NG-C |e available |t Error 5001 Not defined in file expand_doc_bib_avail. |f 10 |g 0 |h N |i 0 |j SH |k 1 | ||
| TYP | |a Monograph | ||
| TYP | |a Printed language | ||
| 980 | |a Mạng thư viện Đại học Đà Nẵng | ||